|
|
|
|
| LEADER |
00000nam0a2200000 4500 |
| 001 |
241451 |
| 005 |
20231101231819.0 |
| 010 |
|
|
|a 9785699351381
|
| 035 |
|
|
|a (RuTPU)RU\TPU\book\262725
|
| 090 |
|
|
|a 241451
|
| 100 |
|
|
|a 20130718d2009 m y0rusy50 ca
|
| 101 |
1 |
|
|a rus
|c eng
|
| 102 |
|
|
|a RU
|
| 105 |
|
|
|a y z 000ay
|
| 200 |
1 |
|
|a Нейропат
|e пер. с англ.
|e роман
|f С. Р. Бэккер
|
| 210 |
|
|
|a Москва
|c Эксмо
|a Санкт-Петербург
|c Домино
|d 2009
|
| 215 |
|
|
|a 432 с.
|
| 225 |
1 |
|
|a Мастера детектива
|
| 225 |
1 |
|
|a Детектив завтрашнего дня
|
| 330 |
|
|
|a С пугающим постоянством американские агентства новостей сообщают об очередной жертве неуловимого Костоправа, наводящего ужас на жителей Нью-Йорка. Полиция и ФБР подозревают, что все эти страшные преступления — дело рук ученого-нейрохирурга Нейла Кэссиди. местонахождение которого неизвестно. Агенты ФБР выходят на старого друга Кэссиди Томаса Байбла, надеясь, что тот поможет им в поисках маньяка-убийцы. Тем временем в ФБР от неизвестного отправителя поступают видеозаписи с поистине бесчеловечными сценами, и Томас Байбл понимает, что происходящее много опаснее и страшнее, чем просто уголовное преступление.
|
| 606 |
1 |
|
|a Американская литература (англо-язычная литература)
|2 stltpush
|3 (RuTPU)RU\TPU\subj\28887
|9 52349
|
| 610 |
1 |
|
|a романы
|
| 610 |
1 |
|
|a детективы
|
| 610 |
1 |
|
|a триллеры
|
| 675 |
|
|
|a 82
|v 3
|
| 700 |
|
1 |
|a Бэккер
|b С. Р.
|g Скотт Ричард
|
| 801 |
|
1 |
|a RU
|b 63413507
|c 20130718
|
| 801 |
|
2 |
|a RU
|b 63413507
|c 20130724
|g RCR
|
| 942 |
|
|
|c BK
|